Maldives : Technical Assistance Report-Fiscal Transparency Evaluation.

Reflecting an ongoing commitment to enhancing fiscal transparency, Maldives is the first small island state, and the second country in Asia, to have undertaken a Fiscal Transparency Evaluation (FTE). The Government of the Maldives (GoM) recognizes the importance of transparency in fiscal management...

Полное описание

Библиографические подробности
Соавтор: International Monetary Fund. Fiscal Affairs Dept
Формат: Журнал
Язык:English
Опубликовано: Washington, D.C. : International Monetary Fund, 2021.
Серии:IMF Staff Country Reports; Country Report ; No. 2021/166
Предметы:
Online-ссылка:Full text available on IMF
LEADER 01838cas a2200301 a 4500
001 AALejournalIMF021900
008 230101c9999 xx r poo 0 0eng d
020 |c 5.00 USD 
020 |z 9781513592183 
022 |a 1934-7685 
040 |a BD-DhAAL  |c BD-DhAAL 
110 2 |a International Monetary Fund.  |b Fiscal Affairs Dept. 
245 1 0 |a Maldives :   |b Technical Assistance Report-Fiscal Transparency Evaluation. 
264 1 |a Washington, D.C. :  |b International Monetary Fund,  |c 2021. 
300 |a 1 online resource (93 pages) 
490 1 |a IMF Staff Country Reports 
500 |a <strong>Off-Campus Access:</strong> No User ID or Password Required 
500 |a <strong>On-Campus Access:</strong> No User ID or Password Required 
506 |a Electronic access restricted to authorized BRAC University faculty, staff and students 
520 3 |a Reflecting an ongoing commitment to enhancing fiscal transparency, Maldives is the first small island state, and the second country in Asia, to have undertaken a Fiscal Transparency Evaluation (FTE). The Government of the Maldives (GoM) recognizes the importance of transparency in fiscal management and in delivering on its ambitious policy agenda, while responding to current challenges within a tight fiscal environment. This report assesses fiscal transparency practices in Maldives against the first three pillars of the IMF's Fiscal Transparency Code (FTC). 
538 |a Mode of access: Internet 
650 7 |a International Agreements  |2 imf 
650 7 |a International Organizations  |2 imf 
650 7 |a Monetary Policy  |2 imf 
650 7 |a Observance  |2 imf 
651 7 |a Maldives  |2 imf 
830 0 |a IMF Staff Country Reports; Country Report ;  |v No. 2021/166 
856 4 0 |z Full text available on IMF  |u http://elibrary.imf.org/view/journals/002/2021/166/002.2021.issue-166-en.xml  |z IMF e-Library